000 00493nam a22001817a 4500
005 20251125075404.0
008 251125b |||||||| |||| 00| 0 eng d
020 _a9788177291827
040 _aIN-DiNC
_cIN-DiNC
041 _deng
082 _a821
_bSAW
100 _aSawlashwa, BK
_eauthor
245 _aUGC NET/ SLET English literature/
_cBK Sawlashwa
260 _aGurgaon:
_bCosmos bookhive,
_cna.
300 _a457p.
650 _aEnglish literature for UGC NET/SLET
942 _2ddc
_cBK
999 _c12297
_d12297